| 000 | 00606nam a22002055i 4500 | ||
|---|---|---|---|
| 001 | 53472 | ||
| 003 | ES-MaACL | ||
| 007 | t| | ||
| 008 | 950929s1867 gw ||||1| eng d | ||
| 040 |
_aCAM _bspa _cCAM |
||
| 100 | 1 |
_aEliot, George. _946995 |
|
| 245 | 1 | 0 |
_aFelix Holt _b: the radical / _cby George Eliot. |
| 260 |
_aLeipzig : _bBernhard Tauchnitz, _c1867. |
||
| 300 |
_a1 v. ; _c16 cm. |
||
| 490 | 1 |
_aCollection of British authors ; _v897-898 |
|
| 505 | 8 | _aContiene 2 t. en 1 v. | |
| 830 | 0 |
_aCollection of British authors ; _v897-898 _9180703 |
|
| 852 |
_aES-MaACL _jG-11556 |
||
| 999 |
_c53472 _d53472 |
||